|
|
|
|
| LEADER |
01188nam a2200289 a 4500 |
| 001 |
4172138 |
| 008 |
091027s1979 nyua b 001 0 eng d |
| 010 |
|
|
|a 79016613
|
| 020 |
|
|
|a 0080238904
|
| 020 |
|
|
|a 0080238890 (pbk.)
|
| 040 |
|
|
|a DLC
|c DLC
|d DLC
|
| 082 |
0 |
0 |
|a 330.9172/4
|2 19
|
| 100 |
1 |
|
|a Morris, Morris David.
|
| 245 |
1 |
0 |
|a Measuring the condition of the world's poor :
|b the physical quality of life index /
|c Morris David Morris.
|
| 260 |
|
|
|a New York :
|b Published for the Overseas Development Council by Pergamon Press,
|c c1979.
|
| 300 |
|
|
|a xiv, 176 p. :
|b ill. ;
|c 24 cm.
|
| 490 |
0 |
|
|a Pergamon policy studies
|
| 504 |
|
|
|a Includes bibliographical references and index.
|
| 541 |
1 |
|
|e 00000123
|
| 650 |
|
0 |
|a Poor
|z Developing countries.
|
| 650 |
|
0 |
|a Economic indicators
|z Developing countries.
|
| 650 |
|
0 |
|a Social indicators
|z Developing countries.
|
| 710 |
2 |
|
|a Overseas Development Council.
|
| 740 |
|
|
|a Physical quality of life index.
|
| 852 |
4 |
|
|a Ayesha Abed Library
|j General Shelf
|
| 999 |
|
|
|c 5371
|d 5371
|
| 952 |
|
|
|0 0
|1 0
|2 ddc
|4 0
|6 330_917240000000000_MOR_1979
|7 0
|9 5231
|a BRACUL
|b BRACUL
|c GEN
|d 2009-11-10
|g 846.00
|l 0
|o 330.91724 MOR
|p 3010000123
|r 2009-11-10
|t 1
|w 2009-11-10
|y BK
|